Malacología de la Mar Chica de Melilla: una revisión actualizada / (Record no. 15698)

MARC details
000 -LEADER
campo de control de longitud fija 01245nam a2200289 i 4500
001 - NÚMERO DE CONTROL
campo de control 15698
003 - IDENTIFICADOR DE NÚMERO DE CONTROL
campo de control ES-MaACL
005 - FECHA Y HORA DE LA ÚLTIMA TRANSACCIÓN
campo de control 20250828092115.0
007 - CAMPO FIJO DE DESCRIPCIÓN FÍSICA--INFORMACIÓN GENERAL
campo de control de longitud fija t|
008 - DATOS DE LONGITUD FIJA--INFORMACIÓN GENERAL
campo de control de longitud fija 000504s1998 sp ||||0| spa j
020 ## - NÚMERO INTERNACIONAL ESTÁNDAR DEL LIBRO
Número Internacional Estándar del Libro 84-95110-05-9
040 ## - FUENTE DE CATALOGACIÓN
Centro catalogador/agencia de origen M-BN
Lengua de catalogación spa
Centro/agencia transcriptor M-BN
080 ## - NÚMERO DE LA CLASIFICACIÓN DECIMAL UNIVERSAL
Número de la Clasificación Decimal Universal 594(460.38)
100 1# - ENTRADA PRINCIPAL--NOMBRE DE PERSONA
Nombre de persona González García, Juan Antonio.
9 (RLIN) 58653
245 10 - MENCIÓN DEL TÍTULO
Título Malacología de la Mar Chica de Melilla: una revisión actualizada /
Mención de responsabilidad, etc. por Juan A. González García, Isidoro Bueno del Campo y Santiago Bueno Horcajadas.
260 ## - PUBLICACIÓN, DISTRIBUCIÓN, ETC.
Lugar de publicación, distribución, etc. [Melilla] :
Nombre del editor, distribuidor, etc. Servicio de Publicaciones de la UNED de Melilla,
Fecha de publicación, distribución, etc. 1998.
300 ## - DESCRIPCIÓN FÍSICA
Extensión 65 p :
Otras características físicas il ;
Dimensiones 24 cm.
490 1# - MENCIÓN DE SERIE
Mención de serie Publicaciones de la Universidad Nacional de Educación a Distancia, Centro Asociado de Melilla ;
Designación de volumen o secuencia 16
504 ## - NOTA DE BIBLIOGRAFÍA, ETC.
Nota de bibliografía, etc. Bibliografía: p. 63.
650 #4 - PUNTO DE ACCESO ADICIONAL DE MATERIA--TÉRMINO DE MATERIA
Término de materia o nombre geográfico como elemento de entrada Moluscos-
Subdivisión geográfica Melilla.
9 (RLIN) 15138
700 1# - ENTRADA AGREGADA--NOMBRE PERSONAL
Nombre de persona Bueno del Campo, Isidoro.
9 (RLIN) 32391
700 1# - ENTRADA AGREGADA--NOMBRE PERSONAL
Nombre de persona Bueno Horcajadas, Santiago.
9 (RLIN) 32398
710 2# - ENTRADA AGREGADA--NOMBRE DE ENTIDAD CORPORATIVA
Nombre de entidad corporativa o nombre de jurisdicción como elemento de entrada Universidad Nacional de Educación a Distancia (España).
Unidad subordinada Centro Asociado de Melilla
9 (RLIN) 7407
830 0# - PUNTO DE ACCESO ADICIONAL DE SERIE-TÍTULO UNIFORME
Título uniforme Publicaciones de la Universidad Nacional de Educación a Distancia, Centro Asociado de Melilla ;
Designación de volumen o secuencia 16
9 (RLIN) 179811
852 ## - LOCALIZACIÓN
Ubicación ES-MaACL
Número de control de estantería L-23112
Sublocalización o colección R.127447
Holdings
Estatus retirado Estado de pérdida Estado de daño No para préstamo Biblioteca de origen Biblioteca actual Ubicación en estantería Fecha de adquisición Fuente de adquisición Total de préstamos Signatura topográfica completa Código de barras Visto por última vez Precio de reemplazo Tipo de ítem Koha
        Biblioteca del Ateneo de Madrid Biblioteca del Ateneo de Madrid Depósito 2 17/01/2008     L-23112 1015957 23/02/2023 23/02/2023 Libro impreso